Southville International School and Colleges
Your cart is empty.
  • Cart
  • Lists
    Public lists Eva Luna New books Lux_list list_1
    Your lists Log in to create your own lists
  • Log in to your account
  • Your cookies
  • Search history
Southville International School and Colleges
  • Advanced search
  • Recent comments
  • Most popular
  • Libraries

Log in to your account

Log in with GOOGLE


If you do not have an external account, but do have a local account, you can still log in:

  1. Home
  2. MARC view: Nursing care of children :
Normal view MARC view ISBD view

Nursing care of children : (Record no. 276697)

[ view plain ]
MARC details
000 -LEADER
fixed length control field 01030cam a2200289 a 4500
001 - CONTROL NUMBER
control field 12733467
005 - DATE AND TIME OF LATEST TRANSACTION
control field 20141103121419.0
008 - FIXED-LENGTH DATA ELEMENTS--GENERAL INFORMATION
fixed length control field 020408s2002 paua b 001 0 eng
010 ## - LIBRARY OF CONGRESS CONTROL NUMBER
LC control number 2002279691
020 ## - INTERNATIONAL STANDARD BOOK NUMBER
International Standard Book Number 0721695825
040 ## - CATALOGING SOURCE
Original cataloging agency DLC
Transcribing agency DLC
Modifying agency DLC
050 00 - LIBRARY OF CONGRESS CALL NUMBER
Classification number RJ 245
Item number .N856 2002
082 00 - DEWEY DECIMAL CLASSIFICATION NUMBER
Classification number 610.73/62
245 00 - TITLE STATEMENT
Title Nursing care of children :
Remainder of title principles and practice /
Statement of responsibility, etc [edited by] Susan Rowen James, Jean Weiler Ashwill, Susan Colvert Droske.
250 ## - EDITION STATEMENT
Edition statement 2nd ed.
260 ## - PUBLICATION, DISTRIBUTION, ETC. (IMPRINT)
Place of publication, distribution, etc Philadelphia :
Name of publisher, distributor, etc W.B. Saunders,
Date of publication, distribution, etc c2002.
300 ## - PHYSICAL DESCRIPTION
Extent xxxiv, 1120 p. :
Other physical details ill. (chiefly col.) ;
Dimensions 29 cm.
504 ## - BIBLIOGRAPHY, ETC. NOTE
Bibliography, etc Includes bibliographical references and index.
650 #0 - SUBJECT ADDED ENTRY--TOPICAL TERM
Topical term or geographic name as entry element Pediatric nursing.
650 12 - SUBJECT ADDED ENTRY--TOPICAL TERM
Topical term or geographic name as entry element Pediatric Nursing.
700 1# - ADDED ENTRY--PERSONAL NAME
Personal name James, Susan Rowen,
Dates associated with a name 1946-
700 1# - ADDED ENTRY--PERSONAL NAME
Personal name Ashwill, Jean Weiler.
700 1# - ADDED ENTRY--PERSONAL NAME
Personal name Droske, Susan Colvert.
906 ## - LOCAL DATA ELEMENT F, LDF (RLIN)
a 7
b cbc
c origcop
d 2
e ncip
f 20
g y-gencatlg
942 ## - ADDED ENTRY ELEMENTS (KOHA)
Source of classification or shelving scheme Library of Congress Classification
Koha item type Books
Call number prefix Foreign
Holdings
Withdrawn status Lost status Source of classification or shelving scheme Damaged status Home library Current library Shelving location Date acquired Sub Shelving location Total Checkouts Full call number Barcode Date last seen Date checked out Price effective from Koha item type
    Library of Congress Classification   College Library College Library General Circulation Section 11/03/2014   1 RJ 245 .N856 2002 C1953 10/04/2018 09/27/2018 11/03/2014 Books

Nursing care of children :

APA

James S. R., Ashwill J. W. & Droske S. C. (2002). Nursing care of children. Philadelphia: W.B. Saunders.

Chicago

James Susan Rowen, Ashwill Jean Weiler and Droske Susan Colvert. 2002. Nursing care of children. Philadelphia: W.B. Saunders.

Harvard

James S. R., Ashwill J. W. and Droske S. C. (2002). Nursing care of children. Philadelphia: W.B. Saunders.

MLA

James Susan Rowen, Ashwill Jean Weiler and Droske Susan Colvert. Nursing care of children. Philadelphia: W.B. Saunders. 2002.

  • Place hold
  • Print
  • Cite
  • Add to your cart (remove)
  • Save record
    BIBTEX Dublin Core MARCXML MARC (non-Unicode/MARC-8) MARC (Unicode/UTF-8) MARC (Unicode/UTF-8, Standard) MODS (XML) RIS
  • More searches
    Search for this title in:
    Other Libraries (WorldCat) Other Databases (Google Scholar) Online Stores (Bookfinder.com) Open Library (openlibrary.org)

Exporting to Dublin Core...

SOUTHVILLE LIBRARY

Southville International School and Colleges Library

1281 Tropical Ave. Cor. Luxembourg St., BF Homes International, Las Pinas City

Tel. No. 8256374 / 252358 Loc. 117/146

Powered by Koha